| 000 | 01046nam a22002777a 4500 | ||
|---|---|---|---|
| 003 | OSt | ||
| 005 | 20220824183201.0 | ||
| 008 | 171107s2009 ck gr 001 fdspa d | ||
| 020 | _a9789584447098 | ||
| 040 |
_bspa _eCO-PeBPR _aCO-PeBPR _crda |
||
| 041 | _aspa | ||
| 082 | 0 | 4 |
_a155.924 _bT787a |
| 100 | 1 |
_951206 _aTrejos López, Juan Francisco _eautor |
|
| 245 | 1 | 0 |
_aAsí se vive mejor _bdiálogos con papá _cJuan Francisco Trejos López y otro |
| 264 | 1 |
_aPereira _bO. I. Trejos Buriticá _c2009 |
|
| 300 |
_a299 páginas _c23 cm |
||
| 336 |
_atexto _btxt [ _2rdacontent] |
||
| 337 |
_aSin mediación _bn [ _2rdamedia] |
||
| 338 |
_avolumen _bnc [ _2rdacarrier] |
||
| 500 | _aIncluye datos biográficos de los autores | ||
| 650 | 0 |
_921263 _aLiteratura Colombiana |
|
| 650 | 0 |
_949582 _aVida Familiar _vNovela |
|
| 700 | 1 |
_951207 _aTrejos Buriticá, Omar Iván _eautor |
|
| 830 |
_952479 _aDepósito Legal - Sala de Patrimonio Bibliográfico y Documental de Risaralda |
||
| 942 |
_2ddc _h155.924 T787a _k155.924 _mT787a _cBK |
||
| 999 |
_c12536 _d12536 |
||